000 00436nam a2200181Ia 4500
001 25081
005 20260414151126.0
008 260414t2012||||xx |||||||||||||| ||spa||
041 _aESP
082 _a346.2
_bD71A
100 _aDíez-Picazo Giménez, Gema (coord.)
_eAUT
245 0 _aDerecho de familia
_b
260 _c2012
300 _a2719 páginas :
_c24 cm.
650 _aDER
654 _aCDE
942 _cLIB
_dJUS
_fJUS
_2ddc
_n
999 _c25081
_d25081